Educación Matemática 7º Básico: guía didáctica para el profesor
সংরক্ষণ করুন:
| প্রধান লেখক: | , , , |
|---|---|
| বিন্যাস: | গ্রন্থ |
| ভাষা: | স্প্যানিশ |
| প্রকাশিত: |
Santiago
SM
2007
|
| বিষয়গুলি: | |
| ট্যাগগুলো: |
ট্যাগ যুক্ত করুন
কোনো ট্যাগ নেই, প্রথমজন হিসাবে ট্যাগ করুন!
|
MARC
| LEADER | 00000nam a2200000 a 4500 | ||
|---|---|---|---|
| 001 | UCI5607 | ||
| 003 | CL-VaPUC | ||
| 008 | 080404e20070000CL |||||||||||||||||spa|d | ||
| 020 | |a 9789562644600 | ||
| 082 | 0 | 4 | |a 372.7 |b AGU |2 21 |
| 100 | 0 | |a Aguilar Baeza, Mauricio José |e author |9 528110 | |
| 700 | 0 | |a Badani Jeldes, Mauricio Hugo |e author |9 528111 | |
| 700 | 0 | |a Chacón Schneider, María Ximena |e author |9 528112 | |
| 700 | 0 | |a Guerrero Arcos, Gastón Manuel |e author |9 528113 | |
| 245 | 1 | 0 | |a Educación Matemática 7º Básico: guía didáctica para el profesor |
| 300 | |a 110+208 p | ||
| 942 | |c BK | ||
| 945 | |d 20080404 00:00:00 |a rbrito | ||
| 260 | |a Santiago |b SM |c 2007 | ||
| 500 | |a Incluye texto para el estudiante | ||
| 650 | 0 | |a Matemáticas |x Enseñanza |9 875527 | |
| 650 | 0 | |a Matemática |9 260235 | |
| 650 | 0 | |a Educación básica |9 224933 | |
| 650 | 0 | |a Métodos de enseñanza |9 270413 | |
| 583 | |a last modification |c 20171004 12:17:28 |k Rodrigo Vera | ||
| 999 | |c 329347 |d 329345 | ||